000 00593nam a2200205 4500
003 OSt
005 20260601193525.0
008 260506b |||||||| |||| 00| 0 eng d
040 _aICI
_bspa
_cICI
050 _aGA201
_b.D56
100 1 _aCross, James
_935625
245 1 _aDimensions:
_bThe Design of the Earth
_cJames Cross; Maxwell Arnold
264 _bSimpson Paper Co. San Francisco
_c1989
_aCalifornia
300 _a48 páginas
336 _atexto
_2rdacontent
337 _asin medio
_2rdamedia
338 _avolumen
_2rdacarrier
500 _aLibro extraordinario
942 _2ddc
_cB
_n1
999 _c21153
_d21153